[Event "Banicky Kahanec"]
[Site "Prievidza"]
[Date "1996.??.??"]
[Round "5"]
[White "Hanko, Pavel"]
[Black "Velicka, Petr"]
[Result "0-1"]
[WhiteElo "2230"]
[BlackElo "2430"]

1.d4 d5 2.Nf3 c5 3.c4 dxc4 4.e3 cxd4 5.exd4 Nf6 6.Bxc4 e6 7.O-O Be7 8.Qe2 Nc6
9.Rd1 O-O 10.Nc3 Nb4 11.Bg5 a6 12.a3 Nbd5 13.Ne5 Nxc3 14.bxc3 Qc7 15.Qf3 Rb8
16.Bd3 Bd7 17.Qh3 Rfc8 18.Ng4 h5 19.Bxf6 Bxf6 20.Qxh5 Qxc3 21.Nxf6+ gxf6
22.Qh6 f5 23.Bf1 Bb5 24.Bxb5 axb5 25.Qg5+ Kf8 26.d5 Qe5 27.d6 Rd8 28.Qe7+ Kg7
29.Rac1 Qf6 30.Qc7 Qe5 31.Qc5 Qxc5 32.Rxc5 Rbc8 33.Rxc8 Rxc8 34.Kf1 Kf8 35.Ke2 Ra8
36.Rd3 Ke8 37.Kd2 Kd7 38.Kc2 b4 39.Rb3 Rxa3 40.Rxb4 Ra2+ 41.Kc3 Rxf2 42.Rxb7+ Kxd6
43.Rb2 Rxb2 44.Kxb2 f4 45.Kc3 Kd5 46.Kd3 e5 47.Ke2 Kd4 48.Kf2 Kd3 49.Ke1 Ke3
50.h4 Ke4  0-1

[Event "BUL-ch"]
[Site "Sofia"]
[Date "1996.??.??"]
[Round "2"]
[White "Berovski, Krum"]
[Black "Dimitrov, Atanas"]
[Result "1-0"]
[WhiteElo "2325"]
[BlackElo "2280"]

1.d4 d5 2.c4 dxc4 3.Nf3 a6 4.e3 Bg4 5.Bxc4 e6 6.Nc3 Nf6 7.h3 Bh5 8.g4 Bg6
9.Ne5 Nbd7 10.g5 Ne4 11.Nxg6 Nxc3 12.bxc3 hxg6 13.e4 Be7 14.Qg4 c5 15.Be3 Qa5
16.O-O Qxc3 17.Rac1 Qa5 18.d5 Ne5 19.Qg3 Nxc4 20.Rxc4 Qb6 21.Rfc1 O-O 22.Bxc5 Bxc5
23.Rxc5 exd5 24.exd5 Rad8 25.Qf3 Qd6 26.h4 b5 27.Kg2 Rd7 28.Qg3 Qxg3+ 29.Kxg3 Rfd8
30.Rd1  1-0

[Event "Stary Smokovec op"]
[Site "Stary Smokovec"]
[Date "1996.??.??"]
[Round "?"]
[White "Hladik, Lumir"]
[Black "Dudas, Jan"]
[Result "0-1"]
[WhiteElo "2065"]
[BlackElo "2310"]

1.d4 d5 2.c4 dxc4 3.Nf3 a6 4.e3 b5 5.a4 Bb7 6.axb5 axb5 7.Rxa8 Bxa8 8.b3 Nd7
9.bxc4 bxc4 10.Bxc4 e6 11.O-O Ngf6 12.Qe2 Be7 13.Ba3 O-O 14.Rd1 Ne4 15.Nfd2 Bxa3
16.Nxe4 Bxe4 17.Nxa3 Bxg2 18.Kxg2 Qa8+ 19.e4 Qxa3 20.Rd3 Qb4 21.Rg3 Nb6 22.Bd3 Qxd4
23.e5 g6 24.Rg4 Qd5+ 25.Re4 Rd8 26.Bb1 Nd7 27.Ba2 Qb7 28.Qd3 Ra8 29.Qb1 Qc6
30.f3 Qc3 31.Re2 Nxe5 32.Qe4 Ra3 33.Bxe6 Qxf3+ 34.Qxf3 Nxf3 35.Bd5 Nh4+ 36.Kf2 Nf5
37.Rc2 Ra5 38.Be4 Re5 39.Bd3 c5 40.Rc4 Nd6 41.Ra4 Rh5 42.Kg2 Rd5 43.Be2 Rd4
44.Ra5 c4 45.Rc5 Kg7 46.Kf2  0-1

[Event "SVK-chT9596"]
[Site "?"]
[Date "1996.??.??"]
[Round "5"]
[White "Krivoshey, Sergei"]
[Black "Maros, Milan"]
[Result "1/2-1/2"]
[WhiteElo "2430"]
[BlackElo "2245"]

1.Nf3 d5 2.d4 c5 3.c4 dxc4 4.e3 cxd4 5.Bxc4 Qc7 6.Qb3 e6 7.Nxd4 Nf6 8.Nc3 a6
9.Bd2 Nc6 10.Nxc6 Qxc6 11.O-O Be7 12.Rac1 O-O 13.Rfd1 b5 14.Be2 Bb7 15.Bf3 Qb6
16.Bxb7 Qxb7 17.Ne2 Rac8 18.Bb4 Bxb4 19.Qxb4 Nd5 20.Qd4 h6 21.e4 Nf6 22.Ng3 Rxc1
23.Rxc1 Rc8 24.Rd1 Qc6 25.f3 Kf8 26.Ne2 Qc5 27.Qxc5+ Rxc5 28.Rd2 Ke7 29.Kf2 Nd7
30.b3 e5 31.Ng3 g6 32.Nf1 Nb6 33.Ne3 h5 34.Ke2 Rc3 35.Nd1 Rc6 36.Nf2 f6 37.Nd3 a5
38.f4 Ke6 39.fxe5 fxe5 40.Ne1 Nd7 41.Rd5 Rc5 42.Rxc5  1/2-1/2

[Event "SVK-chT9596"]
[Site "?"]
[Date "1996.??.??"]
[Round "9"]
[White "Kaposztas, Miklos"]
[Black "Maros, Milan"]
[Result "1/2-1/2"]
[WhiteElo "2310"]
[BlackElo "2245"]

1.d4 d5 2.Nf3 c5 3.c4 dxc4 4.Qa4+ Bd7 5.Qxc4 cxd4 6.Nxd4 Nc6 7.Nc3 Nxd4 8.Qxd4 Bc6
9.Be3 Qxd4 10.Bxd4 Nf6 11.f3 Nd7 12.e4 e5 13.Be3 Bc5 14.Bxc5 Nxc5 15.Bc4 Na4
16.Nxa4 Bxa4 17.Bd5 Rc8 18.b3 Bc6 19.Rc1 Ke7 20.Bxc6 Kd6 21.Ke2 Rxc6 22.Rhd1+ Kc7
23.Rxc6+ Kxc6 24.Rd5 f6 25.Kd3 Rc8  1/2-1/2

[Event "CRO-chT"]
[Site "Tucepi"]
[Date "1996.??.??"]
[Round "?"]
[White "Hulak, Krunoslav"]
[Black "Varga, Zoltan"]
[Result "1/2-1/2"]
[WhiteElo "2545"]
[BlackElo "2540"]

1.d4 d5 2.c4 dxc4 3.Nf3 a6 4.e3 Nf6 5.Bxc4 e6 6.O-O c5 7.Bb3 Nc6 8.Qe2 cxd4
9.Rd1 Be7 10.Nc3 e5 11.exd4 exd4 12.Nxd4 Nxd4 13.Qe3 O-O 14.Rxd4 Qc7 15.Qe2 Bd6
16.h3 Re8 17.Ne4 Nxe4 18.Rxe4 Bd7 19.Rxe8+  1/2-1/2

[Event "Paks GM"]
[Site "Ungarn"]
[Date "1996.??.??"]
[Round "?"]
[White "Petronic, Jovan"]
[Black "Krizsany, Laszlo"]
[Result "1-0"]
[WhiteElo "2435"]
[BlackElo "2430"]

1.d4 d5 2.c4 dxc4 3.Nf3 c5 4.e3 cxd4 5.Bxc4 d3 6.O-O Nc6 7.Nc3 Nf6 8.e4 e6
9.Bxd3 Be7 10.Qe2 O-O 11.e5 Nd5 12.Qe4 g6 13.Bh6 Nxc3 14.bxc3 Re8 15.Rad1 Qc7
16.Rfe1 b6 17.h4 Bb7 18.Qg4 Bf8 19.Bxf8 Rxf8 20.h5 Kg7 21.Ng5 Rac8 22.Nxh7 Nxe5
23.Rxe5 Qxe5 24.Nxf8 Rxf8 25.hxg6 f6 26.Qb4 Qc7 27.Be4 Bxe4 28.Qxe4 Rd8 29.Rxd8 Qxd8
30.Qxe6 Kxg6 31.Qe4+ Kg7 32.g3 Qc7 33.c4 a5 34.Qd5 Qe7 35.Kg2 Qb4 36.Qd7+ Kg6
37.Qe8+ Kg7 38.Qd7+ Kg6 39.Qb5 Qd6 40.Qe8+ Kg7 41.a4 Qd4 42.Qe6 Qb2 43.Qe7+ Kg6
44.Qe4+ Kh6 45.g4 Qb4 46.Qc6 Qb2 47.Qd5 Kg6 48.Qe4+ Kh6 49.Kg3 Kg7 50.Qe7+ Kg8
51.Qe6+ Kg7 52.Qd7+ Kg6 53.Qd3+ Kg7 54.Kg2 Kh6 55.Qd5 Kg6 56.Qf5+ Kg7 57.g5 fxg5
58.Qxg5+ Kf7 59.Qd5+ Kg7 60.Qb7+ Kf8 61.c5 Qd4 62.Qf3+ Kg7 63.c6 Qc5 64.Qe4 Kf6
65.f4 Qc1 66.Qd4+ Ke6 67.Qe5+ Kf7 68.c7 Qc2+ 69.Kg3 Qd3+ 70.Kh4 Qh7+ 71.Qh5+  1-0

[Event "Paks GM"]
[Site "Ungarn"]
[Date "1996.??.??"]
[Round "?"]
[White "Krizsany, Laszlo"]
[Black "Weteschnik, Martin"]
[Result "1-0"]
[WhiteElo "2430"]
[BlackElo "2020"]

1.d4 d5 2.c4 dxc4 3.Nf3 c5 4.d5 e6 5.Nc3 exd5 6.Qxd5 Qxd5 7.Nxd5 Na6 8.e4 Ne7
9.Bf4 Nxd5 10.exd5 Nb4 11.Bxc4 Bd7 12.O-O-O O-O-O 13.a3 b5 14.Be2 Na6 15.d6 f6
16.a4 Nb4 17.Bxb5 a6 18.Bxd7+ Kxd7 19.Rhe1 c4 20.Re3 Nd3+ 21.Rexd3 cxd3 22.Rxd3 h5
23.h4 g6 24.Nd2 Ke6 25.Nc4 Rh7 26.Kc2 Rhd7 27.g3 Kf5 28.f3 g5 29.hxg5 fxg5
30.Rd5+ Ke6 31.Rxg5 Rc8 32.b3 Bh6 33.Rg6+  1-0

[Event "Vienna op"]
[Site "Vienna"]
[Date "1996.??.??"]
[Round "1"]
[White "Sinkovics, Peter"]
[Black "Maksimenko, Andrei"]
[Result "0-1"]
[WhiteElo "2405"]
[BlackElo "2545"]

1.d4 d5 2.c4 dxc4 3.Nf3 a6 4.e3 e6 5.Bxc4 c5 6.dxc5 Bxc5 7.Qxd8+ Kxd8 8.Ne5 Ke7
9.a3 Bd6 10.Nf3 Nd7 11.b4 Ngf6 12.Bb2 b6 13.Nbd2 Bb7 14.Ke2 Rhc8 15.Rhc1 a5
16.b5 Nc5 17.a4 Rc7 18.Nb3 Nfd7 19.Nxc5 Nxc5 20.g3 Rac8 21.Nd4 g6 22.f3 e5
23.Nb3 Ne4 24.Bd3 Nc3+ 25.Bxc3 Rxc3 26.Rxc3 Rxc3 27.Nd2 Bd5 28.Ne4 Rb3 29.Bc2 Bc4+
30.Kd1 Rxe3 31.Nxd6 Kxd6 32.Be4 Kc5  0-1

[Event "JUG-chT"]
[Site "Vrnjacka Banja"]
[Date "1996.??.??"]
[Round "?"]
[White "Djukanovic, Sreten"]
[Black "Peric, Slavisa"]
[Result "1-0"]
[WhiteElo "2270"]
[BlackElo "2325"]

1.d4 d5 2.c4 dxc4 3.Nf3 c5 4.e3 e6 5.Bxc4 Nf6 6.O-O a6 7.Bb3 b6 8.e4 cxd4
9.e5 Nfd7 10.Qxd4 Nc6 11.Qg4 Bb7 12.Bf4 Nc5 13.Rd1 Qc7 14.Nbd2 Nxb3 15.axb3 O-O-O
16.Ne4 Rxd1+ 17.Rxd1 h5 18.Qg3 g6 19.Nd6+ Kb8 20.h4 Ka7 21.Ng5 Nd8 22.Rc1 Qd7
23.Be3 Bxd6 24.exd6 Bc6 25.Qf4 Re8 26.Qb4 Qb7 27.f3 f5 28.Bf4 e5  1-0

[Event "JUG-chT"]
[Site "Vrnjacka Banja"]
[Date "1996.??.??"]
[Round "?"]
[White "Mihajlovic, Veselin"]
[Black "Peric, Slavisa"]
[Result "1-0"]
[WhiteElo "2315"]
[BlackElo "2325"]

1.d4 d5 2.Nf3 c5 3.c4 dxc4 4.e3 e6 5.Bxc4 Nf6 6.O-O a6 7.a4 Nc6 8.Qe2 Be7
9.Rd1 Qc7 10.Nc3 O-O 11.b3 b6 12.Bb2 Bb7 13.Rac1 Na5 14.Ne5 Rfd8 15.f4 cxd4
16.exd4 Nxc4 17.bxc4 Rac8 18.Kh1 Qb8 19.Re1 Rc7 20.Rcd1 Bf8 21.Rd3 Qa8 22.Red1 g6
23.d5 exd5 24.Nxd5 Nxd5 25.cxd5 Rxd5 26.Ng4 Be7 27.Rxd5 Bxd5 28.Qe5 Bxg2+
29.Kg1 Bc5+ 30.Bd4 Bxd4+ 31.Qxd4 h5 32.Nf6+ Kf8 33.Qd6+ Kg7 34.Qxc7 Bh1 35.Nd5 Bf3
36.Qe5+ Kh6 37.Rd3 Bg4 38.Qg5+ Kg7 39.Qe5+ Kh6 40.Nxb6 Qf8 41.Qg5+ Kg7 42.Rd8  1-0

[Event "Wattens op"]
[Site "Wattens"]
[Date "1996.??.??"]
[Round "2"]
[White "Schlosser, Hans"]
[Black "Haidacher, Karl"]
[Result "0-1"]
[WhiteElo "2325"]
[BlackElo "1960"]

1.d4 d5 2.c4 dxc4 3.Nf3 c5 4.Qa4+ Bd7 5.Qxc4 cxd4 6.Nxd4 e5 7.Nf3 Nc6 8.Nc3 Nb4
9.Qb3 Be6 10.Qa4+ Qd7 11.Qxd7+ Bxd7 12.Kd1 O-O-O 13.Bd2 f6 14.a3 Nc6 15.Rc1 Nge7
16.e3 Bf5 17.Bc4 Kb8 18.b4 Nc8 19.h3 h5 20.Ne1 Nd6 21.Be2 Be7 22.f3 Rd7 23.Nd5 e4
24.b5 Ne5 25.Nxe7 Rxe7 26.f4 Nd3 27.Bxd3 exd3 28.Bb4 Rd7 29.Bxd6+ Rxd6 30.Kd2 Rc8
31.Rxc8+ Kxc8 32.Nf3 Kc7 33.Rc1+ Kb6 34.Nd4 Be4 35.g3 g6 36.a4 a6 37.Rc8 axb5
38.axb5 Ka5 39.g4 hxg4 40.hxg4 f5 41.g5 Rd7 42.Rh8 Kb4 43.Rh6 Rd8 44.Rxg6 Ra8
45.Rg7 Ra2+ 46.Ke1 Bd5 47.Rc7 Bc4 48.g6 Kc3 49.Rxc4+ Kxc4 50.Nxf5 Kc3 51.Nd4 d2+  0-1

[Event "Winterthur"]
[Site "Winterthur"]
[Date "1996.??.??"]
[Round "4"]
[White "Pelletier, Yannick"]
[Black "Van der Sterren, Paul"]
[Result "1/2-1/2"]
[WhiteElo "2440"]
[BlackElo "2510"]

1.d4 d5 2.c4 dxc4 3.Nf3 a6 4.e3 e6 5.Bxc4 c5 6.Qe2 Nf6 7.dxc5 Bxc5 8.O-O b5
9.Bd3 Nc6 10.a3 Bb7 11.b4 Bd6 12.Bb2 Qb8 13.Nbd2 Ng4 14.h3 Nge5 15.Be4 O-O
16.Rac1 h6 17.Rfd1 Rc8 18.Nxe5 Bxe5 19.Nb3 Bxb2 20.Qxb2 Ne7 21.Bxb7 Rxc1
22.Qxc1 Qxb7 23.Rd6 Nf5 24.Nc5 Qc8 25.Rd7 Nh4 26.Qd1 a5 27.Qd6 axb4 28.axb4 Nf5
29.Qe5 Qb8 30.Qb2 Ra7 31.e4  1/2-1/2

[Event "Yerevan ol (Men)"]
[Site "Yerevan"]
[Date "1996.??.??"]
[Round "3"]
[White "Banikas, Hristos"]
[Black "Fernandes, Antonio"]
[Result "1/2-1/2"]
[WhiteElo "2445"]
[BlackElo "2410"]

1.d4 d5 2.c4 dxc4 3.Nf3 c5 4.e3 cxd4 5.Bxc4 e6 6.exd4 Nf6 7.O-O Be7 8.Qe2 O-O
9.Nc3 Nbd7 10.Rd1 Nb6 11.Bd3 Nbd5 12.Ne5 Bd7 13.Qf3 Bc6 14.Qh3 Rc8 15.Bg5 g6
16.Re1 Nh5 17.Bxe7 Qxe7 18.Be4 Rfd8 19.Qf3 Nhf6 20.Rac1 Kg7 21.g4 Nxc3 22.Nxc6 bxc6
23.Qxc3 Nxe4 24.Rxe4 Rd5 25.h3 Qd6 26.Kg2 Kg8 27.b3 h5 28.Rc2 hxg4 29.hxg4 Kg7
30.Rc1 Rh8 31.Qg3 Qa3 32.Rxc6 Qxa2 33.Rexe6 Qa5 34.Qc7  1/2-1/2

[Event "Yerevan ol (Men)"]
[Site "Yerevan"]
[Date "1996.??.??"]
[Round "4"]
[White "Montalvo, Alejandro"]
[Black "Baburin, Alexander"]
[Result "0-1"]
[WhiteElo "2250"]
[BlackElo "2545"]

1.d4 d5 2.c4 dxc4 3.Nf3 a6 4.e3 e6 5.Bxc4 c5 6.dxc5 Qxd1+ 7.Kxd1 Bxc5 8.a3 Nf6
9.b4 Bd6 10.Bb2 Nbd7 11.Ke2 Nb6 12.Bb3 Bd7 13.Nc3 Rc8 14.Nd2 Bc6 15.f3 Ke7
16.Rac1 Rc7 17.Kf2 Rhc8 18.Ne2 e5 19.h3 Ba4 20.Rxc7+ Rxc7 21.Rc1 Bxb3 22.Rxc7+ Bxc7
23.Nxb3 Nc4 24.Bc1 Nd5 25.Nc5 Bb6 26.Nxb7 Ndxe3 27.Nc5 Nc2 28.Nc3 Bxc5+ 29.bxc5 N2xa3
30.Ke2 Nb5 31.Nd5+ Ke6 32.Nb4 Nc7 33.Kd3 Na5 34.Be3 f5 35.Bg5 Kd7 36.g4 g6
37.gxf5 gxf5 38.Bf6 Nc6 39.Nxc6 Kxc6 40.Bxe5 Ne6 41.Kc4 Ng5 42.Bf6 Nxf3 43.Kd3 Kxc5
44.Ke3 Ne1 45.Kf4 Kd6 46.Kxf5 Nd3 47.Bg5 a5 48.Bd2 a4 49.Kf6 Kd5 50.Kg7 Kd4  0-1

[Event "Yerevan ol (Men)"]
[Site "Yerevan"]
[Date "1996.??.??"]
[Round "4"]
[White "Curi, Gabriel"]
[Black "Bouaziz, Slim"]
[Result "0-1"]
[WhiteElo "2310"]
[BlackElo "2410"]

1.d4 d5 2.c4 dxc4 3.Nf3 a6 4.e3 Nf6 5.Bxc4 e6 6.O-O c5 7.Bd3 Nc6 8.Nc3 b5
9.a4 b4 10.Ne4 cxd4 11.exd4 Bb7 12.Nxf6+ gxf6 13.Bf4 Bg7 14.Rc1 f5 15.Re1 O-O
16.Bc4 Nxd4 17.Ne5 Rc8 18.Re3 f6 19.Rg3 Kh8 20.Rh3 fxe5 21.Qh5 Kg8 22.Bxe5 Rf6
23.Qxh7+ Kf8 24.Rd3 Rxc4 25.Rcd1 Qd5  0-1

[Event "Yerevan ol (Men)"]
[Site "Yerevan"]
[Date "1996.??.??"]
[Round "11"]
[White "Astrom, Robert"]
[Black "Sadler, Matthew"]
[Result "0-1"]
[WhiteElo "2425"]
[BlackElo "2615"]

1.d4 d5 2.c4 dxc4 3.Nf3 a6 4.e3 Nf6 5.Bxc4 e6 6.Qe2 c5 7.dxc5 Bxc5 8.O-O Nc6
9.Nbd2 O-O 10.Bd3 Be7 11.b3 Nb4 12.Bb1 b5 13.Bb2 Bb7 14.Rd1 Rc8 15.a3 Nbd5
16.Ne4 Qc7 17.Be5 Qb6 18.Bd4 Qc7 19.Be5 Qb6 20.Qb2 Nxe3 21.fxe3 Nxe4 22.Bxg7 Rfd8
23.Bd3 f6 24.Bh6 Qc5 25.h3 Qh5 26.Bf4 e5 27.Bh2 Nc3 28.Bc4+ bxc4 29.Qxc3 Rxd1+
30.Rxd1 Bxf3 31.gxf3 Qxf3 32.Rf1 Qxh3 33.Bxe5 Qg4+ 34.Kf2 fxe5  0-1

[Event "Zaragoza-B op"]
[Site "Zaragoza"]
[Date "1996.??.??"]
[Round "?"]
[White "Baron Rodriguez, Jorge"]
[Black "Malo Guillen, Jose Luis"]
[Result "1/2-1/2"]
[WhiteElo "2250"]
[BlackElo "2155"]

1.d4 d5 2.Nf3 c5 3.c4 dxc4 4.d5 Nf6 5.Nc3 e6 6.e4 exd5 7.e5 Nfd7 8.Bg5 Be7
9.Bxe7 Qxe7 10.Nxd5 Qd8 11.Qc2 Nxe5 12.Qe4 Be6 13.Qxe5 Qxd5 14.Qxg7 Rf8 15.Rd1 Qe4+
16.Be2 Nd7 17.Ng5 Qg6 18.Nxe6 Qxe6 19.Qg5 f6 20.Qh5+ Rf7 21.O-O O-O-O 22.Rd6 Qxd6
23.Qxf7 Ne5 24.Qxh7 Qe6 25.Qc2 Nd3 26.b3 b5 27.bxc4 Qxc4 28.Bxd3 Rxd3 29.Qe2 Qd4
30.Qe8+ Kc7 31.Qxb5 Rd1 32.Qa5+ Kb8 33.Qb5+  1/2-1/2

[Event "RUS-ch m1-2"]
[Site "Elista"]
[Date "1997.05.22"]
[Round "2.1"]
[White "Sherbakov, Ruslan"]
[Black "Vaulin, Alexander"]
[Result "1/2-1/2"]
[WhiteElo "2580"]
[BlackElo "2490"]

1.d4 d5 2.c4 dxc4 3.Nf3 a6 4.e3 e6 5.Bxc4 c5 6.O-O Nf6 7.Bb3 Nbd7 8.e4 Nxe4
9.Re1 Ndf6 10.Bc2 Nd6 11.dxc5 Nb5 12.Qxd8+ Kxd8 13.a4 Na7 14.Ne5 Ke8 15.Nd3 Nc6
16.Nc3 Nd4 17.Bd1 Bd7 18.b4 Bc6 19.Bb2 Rd8 20.Ne5 Nd7 21.Nc4 b6 22.b5 axb5
23.axb5 Nxb5 24.Ba4 Nd4 25.Bxc6 Nxc6 26.cxb6 Rb8 27.Na4 h5 28.h4 Rh6 29.Rac1 Rg6
30.Nd6+ Bxd6 31.Rxc6 Rg4 32.Rxd6 Rxa4 33.Bxg7 Rxb6 34.Rxb6  1/2-1/2

[Event "RUS-Cup9"]
[Site "Novgorod"]
[Date "1997.06.12"]
[Round "2"]
[White "Kharitonov, Andrei Y"]
[Black "Dokuchaev, Aleksander"]
[Result "1/2-1/2"]
[WhiteElo "2520"]
[BlackElo "2440"]

1.d4 d5 2.c4 dxc4 3.Nf3 a6 4.e3 e6 5.Bxc4 c5 6.O-O Nf6 7.dxc5 Qxd1 8.Rxd1 Bxc5
9.Bd2 Nbd7 10.Bc3 b6 11.Nbd2 Bb7 12.Be2 O-O 13.Nc4 Bd5 14.Nfd2 Rfc8 15.Rac1 b5
16.Na5 Bb6 17.Nab3 Nc5 18.Nxc5 Rxc5 19.Ra1 Ne4 20.Bd4 Rc6 21.Nxe4 Bxe4 22.Bxb6 Rxb6
23.f3 Bd5 24.b3 f5 25.Rac1 a5 26.Rc7 a4 27.e4 fxe4 28.fxe4 Bxe4 29.Rdd7 axb3
30.Rxg7+ Kh8 31.axb3 Rg8 32.Rxg8+ Kxg8 33.b4 Rc6 34.Rxc6 Bxc6 35.Kf2 Kf7
36.Bf3 Bd7 37.Ke3 Ke7 38.g4 h6 39.h4 e5 40.g5 hxg5 41.hxg5 Kf8 42.Be4 Kf7
43.Kf3 Kg7 44.Kg3 Kf7 45.Kh4 Kg7 46.Kh5 Be8+ 47.g6 Bd7 48.Kg5 Be8 49.Bc2 Bd7
50.Bd3 Be8 51.Bc2 Bd7 52.Be4 Be8 53.Kf5 Bxg6+ 54.Kxe5 Bh5 55.Bd3 Kf7 56.Kd6 Ke8
57.Kc7 Ke7 58.Bxb5 Bg4 59.Bc6 Be2 60.Bd7 Bd3 61.Bc8 Be2 62.Bb7 Bd3 63.Kb6 Kd6
64.Bc8 Be2 65.Bh3 Bd3 66.Bg2 Be2 67.Bb7 Bd3 68.Ka7 Bb5 69.Kb6 Bd3 70.Ba6 Bg6
71.Bc4  1/2-1/2

[Event "Vier Laenderkampf"]
[Site "Schoeneck"]
[Date "1997.06.??"]
[Round "1"]
[White "Rudolph, J."]
[Black "Krallmann, Matthias"]
[Result "1/2-1/2"]
[WhiteElo "2250"]
[BlackElo "2245"]

1.d4 d5 2.c4 dxc4 3.Nf3 a6 4.e3 Nf6 5.Bxc4 e6 6.O-O c5 7.Qe2 b5 8.Bb3 Bb7
9.a4 Nbd7 10.Nbd2 Qb6 11.axb5 axb5 12.Rxa8+ Bxa8 13.Bc2 Be7 14.b3 O-O 15.Bb2 Bb7
16.Bd3 b4 17.Nc4 Qc7 18.Nfe5 Ra8 19.Rc1 Qd8 20.Rd1 Qc7 21.Bb1 Bf8 22.f3 cxd4
23.Nxd7 Nxd7 24.Qd3 Nf6 25.Bxd4 Be7 26.Bxf6 Bxf6 27.Qxh7+ Kf8 28.Be4 Ra1
29.Rxa1 Bxa1 30.Bxb7 Qxb7 31.Qd3 g6 32.Qd8+ Kg7 33.Qb6 Qe7 34.Qd6 Qb7 35.Kf2 Bc3
36.Qd1 Qb8 37.f4 Qh8 38.Kg1 Qa8 39.Qb1 Qd5 40.h3 Kh6 41.Qc2 Kg7 42.Kf2  1/2-1/2

[Event "Politiken Cup"]
[Site "Copenhagen"]
[Date "1997.07.10"]
[Round "6"]
[White "Hansen, Lars Bo"]
[Black "Christensen, Tobias"]
[Result "1/2-1/2"]
[WhiteElo "2570"]
[BlackElo "2395"]

1.d4 d5 2.Nf3 c5 3.c4 dxc4 4.e3 cxd4 5.Bxc4 Qc7 6.Qb3 e6 7.exd4 Nc6 8.O-O Nf6
9.Bg5 Be7 10.Nbd2 Na5 11.Qd3 Nxc4 12.Nxc4 O-O 13.Rac1 Rd8 14.Bh4 Bd7 15.Qb3 Rac8
16.Rc3 b5 17.Nce5 Qb7 18.Nxd7 Qxd7 19.Rfc1 Nd5 20.R3c2 Bxh4 21.Nxh4 Nf4 22.Qe3 Rxc2
23.Rxc2 e5 24.Nf3 Qg4 25.g3 Rxd4 26.Qxe5 Rd1+ 27.Ne1 g5 28.Rc7 Qe6 29.Qxe6 Nxe6
30.Rc8+ Kg7 31.Kf1 Rb1 32.Ra8 Rxb2 33.Rxa7 Rb1 34.Ke2 Nd4+ 35.Kd2 Nc6 36.Rc7 Ne5
37.Ke2 Nc4 38.Nd3 Ra1 39.Ra7 Nd6  1/2-1/2

[Event "Oberwart op"]
[Site "Oberwart"]
[Date "1997.07.11"]
[Round "7"]
[White "Cvitan, Ognjen"]
[Black "Vaulin, Alexander"]
[Result "1-0"]
[WhiteElo "2550"]
[BlackElo "2490"]

1.d4 d5 2.c4 dxc4 3.Nf3 a6 4.e3 e6 5.Bxc4 c5 6.O-O Nf6 7.Bb3 Nc6 8.Qe2 cxd4
9.Rd1 d3 10.Rxd3 Qc7 11.Nc3 Bd6 12.e4 Ng4 13.h3 Nge5 14.Nxe5 Nxe5 15.Rd1 O-O
16.Be3 Bd7 17.Rac1 Bc6 18.Qh5 Ng6 19.Nd5 exd5 20.exd5 Qa5 21.Bd2 Qb5 22.Bc4 Qxb2
23.dxc6 bxc6 24.Bb3 Qf6 25.Qg5 Qe5 26.Qxe5 Nxe5 27.Ba5 Ba3 28.Rc3 Ra7 29.f4 Ng6
30.g3 c5 31.Bb6 Rb7 32.Bxc5 Bxc5+ 33.Rxc5 Re8 34.Rd6 Ra7 35.Ra5 Re1+ 36.Kf2 Rae7
37.Bc4 Rc1 38.Bb3 Rce1 39.Rd2 Rh1 40.Rd8+ Nf8 41.Rxa6 Rh2+ 42.Kf3 h5 43.Raa8 Kh7
44.Rxf8 Rhe2 45.Rh8+ Kg6 46.Bxf7+ Kxf7 47.Raf8+ Kg6 48.f5+ Kg5 49.h4+  1-0

[Event "Politiken Cup"]
[Site "Copenhagen"]
[Date "1997.07.13"]
[Round "8"]
[White "Schandorff, Lars"]
[Black "Christensen, Tobias"]
[Result "1-0"]
[WhiteElo "2505"]
[BlackElo "2395"]

1.d4 d5 2.c4 dxc4 3.Nf3 c5 4.d5 Nf6 5.Nc3 e6 6.e4 exd5 7.e5 Nfd7 8.Bg5 Be7
9.Bxe7 Qxe7 10.Nxd5 Qd8 11.Bxc4 Nc6 12.Qe2 Qa5+ 13.b4 Nxb4 14.O-O Nf8 15.Nxb4 cxb4
16.Bb5+ Bd7 17.Bxd7+ Nxd7 18.e6 Nf6 19.e7 Qa6 20.Qd2 Qb5 21.Rad1 Nd7 22.Ne5  1-0

[Event "Montecatini Terme op"]
[Site "Montecatini Terme"]
[Date "1997.08.07"]
[Round "7"]
[White "Arlandi, Ennio"]
[Black "Efimov, Igor"]
[Result "0-1"]
[WhiteElo "2470"]
[BlackElo "2540"]

1.d4 d5 2.c4 dxc4 3.Nf3 a6 4.e3 Nf6 5.Bxc4 e6 6.Qe2 Nbd7 7.O-O c5 8.dxc5 Bxc5
9.e4 b5 10.Bd3 Bb7 11.a4 b4 12.Nbd2 e5 13.Nc4 O-O 14.Bg5 Re8 15.Rac1 Rc8
16.Rfd1 Rc6 17.Nfd2 h6 18.Bh4 Rce6 19.Nb3 Ba8 20.Ne3 Qb6 21.a5 Qa7 22.Nf5 Bf8
23.Bc4 Bxe4 24.Bxe6 Rxe6 25.Bxf6 Bxf5 26.Bd8 Rg6 27.Bb6 Qb7 28.f3 Nxb6 29.axb6 e4
30.Nd4 exf3 31.Nxf3 Be4 32.Rf1 Qxb6+ 33.Kh1 Qb7 34.Rf2 Re6 35.Qf1 a5 36.Nd4 Re5
37.Nf5 a4 38.Rd1 a3 39.bxa3 b3 40.Ng3 Bc2 41.Rc1 Bg6 42.Nf5 Bxa3 43.Rd1 b2
44.Qd3 Rd5  0-1

[Event "ST Lee Cup 4th"]
[Site "Beijing"]
[Date "1997.08.31"]
[Round "7"]
[White "Xu Yuanyuan"]
[Black "Zhang Weida"]
[Result "1/2-1/2"]
[WhiteElo "2190"]
[BlackElo "2335"]

1.d4 d5 2.c4 dxc4 3.Nf3 a6 4.e3 Nf6 5.Bxc4 e6 6.O-O c5 7.Bd3 Nc6 8.Nc3 cxd4
9.exd4 Be7 10.Bg5 O-O 11.Rc1 Nd5 12.Ne4 Bxg5 13.Nexg5 Nf6 14.Rc5 g6 15.Bb1 Qd6
16.Qa4 Bd7 17.Rfc1 Rac8 18.Qd1 b6 19.R5c4 h6 20.Ne4 Nxe4 21.Bxe4 Ne7 22.Ne5 Rxc4
23.Nxc4 Qb8 24.Ne5 Qd6 25.Qd2 Rc8 26.Nc4 Qc7 27.Qxh6 b5 28.Rc3 Qa7 29.Nd2 Qxd4
30.Rd3 Qxb2 31.h4 Be8 32.h5 Rc1+ 33.Kh2 Qe5+ 34.Rg3 Qa1 35.Nb1 Rxb1 36.Bxb1 Qxb1
37.hxg6 Nxg6 38.f4 Qxa2 39.Rd3 Qa5 40.Qg5 Qc7 41.Rd8 Kf8 42.Qh6+ Ke7 43.Qg5+ f6
44.Rxe8+ Kxe8 45.Qxg6+ Qf7 46.Qe4 Qh5+ 47.Kg3 Kf7 48.Qb7+ Kg6 49.Qxa6 Qd5
50.Qa3 Kf5 51.Qc3 Qc4 52.Qf3 b4 53.Qg4+ Ke4 54.f5+ Kd5 55.Qxc4+ Kxc4 56.fxe6 b3
57.e7 b2 58.e8=Q b1=Q 59.Qe6+ Kc5 60.Qxf6  1/2-1/2

[Event "EUCup Gr3"]
[Site "Slough"]
[Date "1997.09.24"]
[Round "3"]
[White "Novikov, Igor A"]
[Black "Lalic, Bogdan"]
[Result "1/2-1/2"]
[WhiteElo "2590"]
[BlackElo "2600"]

1.d4 d5 2.c4 dxc4 3.Nf3 a6 4.e3 e6 5.Bxc4 Nf6 6.O-O c5 7.b3 cxd4 8.Nxd4 Bd6
9.Bb2 O-O 10.Nd2 Bd7 11.Be2 Nc6 12.Nc4 Bc5 13.Bf3 Rc8 14.Rc1 Qe7 15.Nxc6 Bxc6
16.Bxc6 Rxc6 17.Na5 Rd6 18.Qf3 Bb4 19.Bxf6 Qxf6 20.Qxf6 gxf6 21.Nxb7 Rd2
22.Rc4 a5 23.a3 Bxa3 24.Nxa5 Rb8 25.Rb1 Rb5 26.Rg4+ Kf8 27.Nc4 Rd3 28.Nxa3 Rbxb3
29.g3 Rxb1+ 30.Nxb1 Rd1+  1/2-1/2

[Event "Budapest FS10 IM-A"]
[Site "Budapest"]
[Date "1997.10.07"]
[Round "3"]
[White "Mikhalevski, Alexander"]
[Black "Afek, Yochanan"]
[Result "1/2-1/2"]
[WhiteElo "2470"]
[BlackElo "2380"]

1.d4 d5 2.c4 dxc4 3.Nf3 c5 4.e3 cxd4 5.Bxc4 Qc7 6.Qc2 e6 7.exd4 Bb4+ 8.Bd2 Bxd2+
9.Nbxd2 Nc6 10.O-O Nf6 11.Ne4 Qf4 12.Nxf6+ Qxf6 13.Bb5 O-O 14.Bxc6 bxc6 15.Ne5 Qh4
16.Qxc6 Rb8 17.Qc3 Bb7 18.Nd7 Rbc8 19.Nc5 Rfd8 20.Qe3 Ba8 21.Rac1 Qxd4 22.Qxd4 Rxd4
23.Nxe6 Rdc4 24.Rxc4 Rxc4 25.Ng5 f6 26.Nf3 Rc2 27.Rd1 Rxb2 28.h4 Bxf3 29.gxf3 Rxa2
30.Rd7 h6 31.Kg2 Kh7 32.h5 Ra5 33.f4 Kg8 34.Rc7 a6 35.Ra7 Rf5 36.Ra8+ Kh7
37.Kg3 a5 38.Kg4 Rb5 39.f5 Rb4+ 40.Kg3 Ra4 41.Kf3 Ra1 42.Kf4 a4 43.Kf3 Rg1
44.Rxa4 Rg5 45.Ra5 Rxh5 46.Kg4 Rh1 47.f4 h5+ 48.Kg3 Rg1+ 49.Kh4 Kh6 50.Kh3 Rg4
51.Ra4 Kh7 52.Rc4 Kg8 53.Kh2 Kf7 54.Kh3 Kg8 55.Ra4 Kh7 56.Rb4 Rg1 57.Rb5 Kg8
58.Rd5 Kf8 59.Kh4 Rh1+ 60.Kg3 Ke7 61.Kg2 Rh4 62.Kf3 Kf7 63.Rd8 g5 64.fxg6+ Kxg6
65.Rg8+  1/2-1/2

[Event "FIDE Candidates (Women)"]
[Site "Groningen"]
[Date "1997.12.23"]
[Round "13"]
[White "Galliamova, Alisa"]
[Black "Peng, Zhaoqin"]
[Result "1-0"]
[WhiteElo "2445"]
[BlackElo "2400"]

1.d4 d5 2.c4 dxc4 3.Nf3 c5 4.d5 e6 5.Nc3 exd5 6.Qxd5 Qxd5 7.Nxd5 Bd6 8.e4 Ne7
9.Bxc4 Nxd5 10.Bxd5 Na6 11.Bb3 Nc7 12.Ng5 Ne6 13.Nxe6 Bxe6 14.Bxe6 fxe6 15.Be3 b6
16.f4 h5 17.Ke2 Rd8 18.g3 Be7 19.h3 Kf7 20.Rad1 Rxd1 21.Rxd1 Rd8 22.Rxd8 Bxd8
23.Kd3 a6 24.a4 g6 25.Kc4 Be7 26.g4 hxg4 27.hxg4 Bd6 28.b3 Bf8 29.Bc1 Bd6
30.Bd2 Ke8 31.f5 Kf7 32.Bg5 gxf5 33.exf5 exf5 34.gxf5 Ke8 35.Kd5 Kd7 36.Bd8 b5
37.Bb6 c4 38.bxc4 bxc4 39.Kxc4 Kc6 40.Bd8 Be5 41.Ba5 Bf6 42.Bc3 Bh4 43.Kd4 Bf6+
44.Kd3 Bh4 45.Ke4 Bd8 46.Ke5 Bh4 47.Ke6 Bg5 48.Bf6 Be3 49.Bh4 Bd4 50.Bg3 Bg7
51.Be5 Bf8 52.f6 Bh6 53.f7  1-0

[Event "Viking op"]
[Site "Aaland-Stockholm"]
[Date "1997.??.??"]
[Round "?"]
[White "Gyimesi, Zoltan"]
[Black "Westerinen, Heikki MJ"]
[Result "1/2-1/2"]
[WhiteElo "2525"]
[BlackElo "2410"]

1.d4 d5 2.c4 dxc4 3.Nf3 c5 4.e3 e6 5.Bxc4 Nf6 6.Qe2 Nc6 7.O-O cxd4 8.exd4 Be7
9.Rd1 O-O 10.Nc3 Nb4 11.Bg5 Nfd5 12.Nxd5 Nxd5 13.Bxd5 Bxg5 14.Be4 Bf6 15.Rac1 Qb6
16.Ne5 g6 17.Rd3 Rd8 18.Rcd1 Bd7 19.Rb3 Qa5 20.Rxb7 Bxe5 21.dxe5 Ba4 22.Rf1 Qxe5
23.Qf3 Be8 24.Bc6 Qf5 25.Bxe8 Qxf3 26.gxf3 Rxe8 27.Rd1 Reb8 28.Rdd7 Rxb7
29.Rxb7 a6 30.a4 Rc8 31.a5 Kg7 32.Kf1 Rc2 33.Rb6 Kf6 34.b4 Rb2 35.Kg2  1/2-1/2